Sai Blossoms : (Record no. 139189)

MARC details
000 -LEADER
fixed length control field 00577nam a22001817a 4500
005 - DATE AND TIME OF LATEST TRANSACTION
control field 20170421142151.0
010 ## - LCCN (DPL NO)
LC control number ENG-117917
020 ## - INTERNATIONAL STANDARD BOOK NUMBER
International Standard Book Number 9789350692110
Terms of availability 95.00
035 ## - SYSTEM CONTROL NUMBER
System control number EN-101449
037 ## - SOURCE OF ACQUISITION
Source of stock number/acquisition DBAD/PUB
082 ## - DEWEY DECIMAL CLASSIFICATION NUMBER
Classification number 230.51
100 ## - MAIN ENTRY--PERSONAL NAME
Personal name Kamaraju,Anil Kumar
245 ## - TITLE STATEMENT
Title Sai Blossoms :
Remainder of title Sunday talks in Prasanthi Nilayam /
Statement of responsibility, etc by Anil Kumar Kamaraju
260 ## - PUBLICATION, DISTRIBUTION, ETC. (IMPRINT)
Place of publication, distribution, etc Prasanthi Nilayam
Name of publisher, distributor, etc Sri Sathya Sai Sadhana Trust
Date of publication, distribution, etc 2015
270 ## - ADDRESS
Address Anantapur District
City Prasanthi Nilayam
Postal code 515134
300 ## - PHYSICAL DESCRIPTION
Extent 282p.
Dimensions 21cm (pbk)
942 ## - ADDED ENTRY ELEMENTS (KOHA)
Source of classification or shelving scheme Dewey Decimal Classification
Item type English Books
Classification part 230.51
Call number suffix KAM
Holdings
Withdrawn status Lost status Not for loan Collection code Home library Current library Date acquired Source of acquisition Cost, normal purchase price Full call number Barcode Copy number Cost, replacement price Koha item type
    Not For Loan Non-fiction D.B.Act.Division Bawana 21/04/2017 DBAD/PUB 95.00 230.51 KAM EN-101449 1 95.00 English Books

© Delhi Public Library
Hit Counter
free hit counter